| 000 | 00723nam a2200169 a 4500 | ||
|---|---|---|---|
| 001 | 59415 | ||
| 005 | 20180714060344.0 | ||
| 008 | 140415s2006 ag 000 0 spa d | ||
| 041 | _aspa | ||
| 082 |
_a306.43 _bCER |
||
| 100 | 1 | _aCERLETTI, LAURA B. | |
| 245 | 1 | 4 | _aLAS FAMILIAS, ¿UN PROBLEMA ESCOLAR? |
| 250 | _a1a ed. | ||
| 260 |
_aARGENTINA : _bNOVEDADES EDUCATIVAS, _c2006 |
||
| 520 | _aLOS DOCENTES ENCUENTRAN EN LAS FAMILIAS DE SUS ALUMNOS LA EXPLICACION DE LOS PROBLEMAS ESCOLARES, LO QUE RESULTA CONFLICTIVO Y ANGUSTIANTE, DETERMINADAS CARACTERÍSTICAS DE SAS FAMILIAS SE MANIFIESTAN COMO IMPOSIBILIADES PARA LA ESCUELA: SI LA FAMILIA NO ESTA, LA ESCUELA NO PUEDE | ||
| 650 | 1 | 4 |
_aESCUELAS _xFAMILIA |
| 999 |
_c59415 _d59415 |
||